00262pam a2200109 a 4500020000500000041000500005082001600010100002000026245005600046260003400102300001600136 c h a741.24bTAV aMia- Tarontti . aPets- Learn to Draw Step by StephTextual Documents a[s.l]:bwalter Foster,c2005. a30:bpaper.